Elegir el futuro: un programa radical para la mejora sostenible de la calidad de vida; textos. Parte

Contiene: Definir el objetivo: una mejora sostenible de la calidad de vida.- Respetar los límites: la capacidad de carga de la Tierra.- Responder a las necesidades: la capacidad de hacerse cargo del otro

সংরক্ষণ করুন:
গ্রন্থ-পঞ্জীর বিবরন
সংস্থা লেখক: Comisión Independiente sobre Población y Calidad de Vida
বিন্যাস: অজ্ঞাত
প্রকাশিত: Madrid: IEPALA
সংস্করন:0
বিষয়গুলি:
ট্যাগগুলো: ট্যাগ যুক্ত করুন
কোনো ট্যাগ নেই, প্রথমজন হিসাবে ট্যাগ করুন!

MARC

LEADER 00000 a2200000 04500
001 19268
003
008 991231s d
040
090 |a 145502  
110 |a Comisión Independiente sobre Población y Calidad de Vida  
245 |a Elegir el futuro: un programa radical para la mejora sostenible de la calidad de vida; textos. Parte  
250 |a 0  
260 |a Madrid:   |b IEPALA  
300 |a 332 p.  
520 |a Contiene: Definir el objetivo: una mejora sostenible de la calidad de vida.- Respetar los límites: la capacidad de carga de la Tierra.- Responder a las necesidades: la capacidad de hacerse cargo del otro  
650 |a SOCIEDAD  
650 |a NIVEL DE VIDA  
650 |a CONDICIONES DE VIDA  
650 |a CALIDAD DE LA VIDA  
650 |a USO DE LA TIERRA  
999 |c 5297  |d 5297